[Event "Zhukovsky op-A"]
[Site "Zhukovsky"]
[Date "2008.11.28"]
[Round "8"]
[White "Belyaev, Oleg"]
[Black "Dolgova, Tamara"]
[Result "1-0"]
[WhiteElo "2120"]
[BlackElo "1929"]
[PlyCount "71"]
[EventDate "2008.11.28"]
[EventType "swiss"]
[EventRounds "9"]
[EventCountry "RUS"]
[SourceTitle "EXT 2022"]
[Source "ChessBase"]
[SourceDate "2021.10.06"]
[SourceVersion "1"]
[SourceVersionDate "2021.10.06"]
[SourceQuality "1"]

1. e4 e5 2. Nf3 Nc6 3. d4 exd4 4. Bc4 Nf6 5. e5 d5 6. Bb5 Ne4 7. Nxd4 Bd7 8. Bxc6 bxc6 9. Nd2 Qh4 10. 0-0 Bc5 11. Nxe4 Qxe4 12. c3 0-0 13. Re1 Qg6 14. Bf4 Rfe8 15. Qd2 Bf8 16. Nb3 f6 17. exf6 Qxf6 18. Bxc7 Bd6 19. Bxd6 Qxd6 20. Qd4 Qg6 21. f3 a5 22. Nc5 Bf5 23. Qf2 h6 24. Rxe8+ Rxe8 25. Re1 Bb1 26. Rxe8+ Qxe8 27. a3 Ba2 28. g3 h5 29. h4 Qg6 30. Qe1 Kh7 31. Kf2 Bc4 32. Qd1 Ba2 33. Qd3 Qxd3 34. Nxd3 Kg8 35. Ke3 Kf7 36. Ne5+ 1-0

[Event "Zhukovsky op-A"]
[Site "Zhukovsky"]
[Date "2008.11.28"]
[Round "4"]
[White "Belyaev, Oleg"]
[Black "Fyodorova, Irina"]
[Result "0-1"]
[WhiteElo "2120"]
[BlackElo "1968"]
[PlyCount "60"]
[EventDate "2008.11.28"]
[EventType "swiss"]
[EventRounds "9"]
[EventCountry "RUS"]
[SourceTitle "EXT 2022"]
[Source "ChessBase"]
[SourceDate "2021.10.06"]
[SourceVersion "1"]
[SourceVersionDate "2021.10.06"]
[SourceQuality "1"]

1. e4 c6 2. d4 d5 3. exd5 cxd5 4. Bd3 Nc6 5. c3 e5 6. dxe5 Nxe5 7. Bb5+ Nc6 8. Ne2 Nf6 9. Bg5 Be7 10. Nf4 Be6 11. 0-0 0-0 12. Re1 Ne4 13. Bxe7 Nxe7 14. Bd3 Qb6 15. Qc2 Nf6 16. Nd2 Rae8 17. Nf3 h6 18. Nxe6 fxe6 19. Re2 Nd7 20. Rae1 Rf6 21. b4 a6 22. a3 Qd6 23. c4 Nc6 24. cxd5 Nd8 25. dxe6 Nxe6 26. Bc4 Ndf8 27. Qb3 Kh8 28. Ne5 Nd4 29. Nf7+ Rxf7 30. Bxf7 Nxe2+ 0-1

[Event "Zhukovsky op-A"]
[Site "Zhukovsky"]
[Date "2008.11.28"]
[Round "9"]
[White "Velikanov, Igor"]
[Black "Belyaev, Oleg"]
[Result "1-0"]
[WhiteElo "2275"]
[BlackElo "2120"]
[PlyCount "67"]
[EventDate "2008.11.28"]
[EventType "swiss"]
[EventRounds "9"]
[EventCountry "RUS"]
[SourceTitle "EXT 2022"]
[Source "ChessBase"]
[SourceDate "2021.10.06"]
[SourceVersion "1"]
[SourceVersionDate "2021.10.06"]
[SourceQuality "1"]

1. Nf3 d5 2. d4 Nf6 3. c4 c6 4. Nc3 e6 5. e3 Nbd7 6. Bd3 dxc4 7. Bxc4 b5 8. Bd3 a6 9. 0-0 c5 10. e4 Bb7 11. d5 e5 12. Ne2 g6 13. Ng3 Bg7 14. Bg5 h6 15. Be3 0-0 16. b3 Re8 17. Qc1 Kh7 18. Bxc5 Rc8 19. b4 Bxd5 20. Qe3 Nxc5 21. bxc5 Bc6 22. a4 Ng4 23. Qe2 Qe7 24. axb5 axb5 25. Bxb5 Qxc5 26. Bxc6 Rxc6 27. Ng5+ hxg5 28. Qxg4 Bf6 29. Rfd1 Kg7 30. Nf1 Rb8 31. Ne3 Rb2 32. Ra8 Rd6 33. Qh3 Rxd1+ 34. Nxd1 1-0

[Event "Zhukovsky Cup"]
[Site "Zhukovsky"]
[Date "2008.??.??"]
[Round "8"]
[White "Belyaev, Oleg"]
[Black "Pyhtynov, Oleg"]
[Result "1/2-1/2"]
[WhiteElo "2087"]
[BlackElo "2013"]
[PlyCount "68"]
[EventDate "2008.04.21"]
[EventType "swiss"]
[EventRounds "9"]
[EventCountry "RUS"]
[SourceTitle "EXT 2022"]
[Source "ChessBase"]
[SourceDate "2021.10.06"]
[SourceVersion "1"]
[SourceVersionDate "2021.10.06"]
[SourceQuality "1"]

1. e4 e5 2. Nf3 Nc6 3. d4 exd4 4. Bc4 Bc5 5. c3 d6 6. cxd4 Bb6 7. 0-0 Bg4 8. d5 Ne5 9. Bb5+ c6 10. dxc6 bxc6 11. Be2 Ne7 12. Nxe5 Bxe2 13. Qxe2 dxe5 14. Bg5 0-0 15. Qc4 Rc8 16. Nc3 Kh8 17. Rad1 Qc7 18. Rd3 f6 19. Bh4 Rfd8 20. Rfd1 Rxd3 21. Rxd3 Rd8 22. Kf1 Rd4 23. Rxd4 exd4 24. Bg3 Qd8 25. Nb1 d3 26. Ke1 c5 27. Kd2 Ba5+ 28. Nc3 Qb6 29. Kxd3 Qxb2 30. Qxc5 Bb4 31. Qc4 Bxc3 32. Qxc3 Qxa2 33. Ke3 Qe6 34. Qc5 a6 1/2-1/2

[Event "Zhukovsky Cup"]
[Site "Zhukovsky"]
[Date "2008.??.??"]
[Round "7"]
[White "Brekhov, Nikolay"]
[Black "Belyaev, Oleg"]
[Result "1-0"]
[WhiteElo "2223"]
[BlackElo "2087"]
[PlyCount "73"]
[EventDate "2008.04.21"]
[EventType "swiss"]
[EventRounds "9"]
[EventCountry "RUS"]
[SourceTitle "EXT 2022"]
[Source "ChessBase"]
[SourceDate "2021.10.06"]
[SourceVersion "1"]
[SourceVersionDate "2021.10.06"]
[SourceQuality "1"]

1. c4 c5 2. Nf3 Nc6 3. Nc3 Nf6 4. d4 cxd4 5. Nxd4 e6 6. Ndb5 a6 7. Nd6+ Bxd6 8. Qxd6 Qe7 9. Bf4 Nh5 10. Qxe7+ Nxe7 11. Bd6 Nf5 12. Ba3 Nf6 13. e4 Ne7 14. Be2 h5 15. 0-0 Ng4 16. f3 Ne5 17. Bd6 f6 18. c5 Nf7 19. Bc7 Nc6 20. Rfd1 g5 21. Na4 Ke7 22. Nb6 Ra7 23. Rd2 Nfe5 24. Rad1 Kf7 25. a3 d5 26. exd5 exd5 27. Nxd5 Be6 28. b4 Bxd5 29. Rxd5 Raa8 30. Bd6 Rae8 31. R5d2 h4 32. Rb2 Rd8 33. a4 Ne7 34. b5 axb5 35. Rxb5 Rd7 36. Rdb1 Ra8 37. Bd1 1-0

[Event "Zhukovsky Cup"]
[Site "Zhukovsky"]
[Date "2008.??.??"]
[Round "1"]
[White "Kopylov, Ivan1111"]
[Black "Belyaev, Oleg"]
[Result "1-0"]
[WhiteElo "2106"]
[BlackElo "2087"]
[PlyCount "125"]
[EventDate "2008.04.21"]
[EventType "swiss"]
[EventRounds "9"]
[EventCountry "RUS"]
[SourceTitle "EXT 2022"]
[Source "ChessBase"]
[SourceDate "2021.10.06"]
[SourceVersion "1"]
[SourceVersionDate "2021.10.06"]
[SourceQuality "1"]

1. d4 f5 2. c4 Nf6 3. Nc3 e6 4. Nf3 d6 5. Bg5 Be7 6. Qc2 0-0 7. e4 Nxe4 8. Bxe7 Qxe7 9. Nxe4 fxe4 10. Qxe4 Nd7 11. Bd3 Nf6 12. Qh4 e5 13. Bxh7+ Kf7 14. Ng5+ Ke8 15. Bg6+ Kd8 16. 0-0-0 Ng4 17. dxe5 Nxe5 18. Bd3 Qf6 19. Rhe1 Qf4+ 20. Qxf4 Rxf4 21. Bf1 Rf5 22. Rxe5 Rxe5 23. Nf7+ Ke7 24. Nxe5 dxe5 25. Rd5 Kf6 26. Rd8 b6 27. Bd3 Bb7 28. Rxa8 Bxa8 29. f3 Bb7 30. Kd2 c5 31. Ke3 g5 32. h3 Ba6 33. b3 Bb7 34. Be4 Bc8 35. Bd5 a5 36. g4 Bd7 37. Ke4 Be8 38. Bg8 Bc6+ 39. Bd5 Be8 40. Kd3 Ke7 41. a3 Kd6 42. Be4 Bd7 43. Kc3 Be8 44. Kd3 Ke6 45. Ke3 Kf6 46. Kf2 Kg7 47. Kg3 Kh6 48. h4 Bd7 49. h5 a4 50. bxa4 Bxa4 51. Kf2 Bb3 52. Bd3 Ba4 53. Ke3 Bc6 54. Be4 Ba4 55. Bd5 Bc2 56. Be4 Ba4 57. Kd3 b5 58. cxb5 Bxb5+ 59. Kc3 Kg7 60. Kb3 Kh6 61. a4 Ba6 62. Kc3 Be2 63. Bb7 1-0

[Event "Zhukovsky Cup"]
[Site "Zhukovsky"]
[Date "2008.??.??"]
[Round "6"]
[White "Rybakov, Sergey1111"]
[Black "Belyaev, Oleg"]
[Result "1-0"]
[WhiteElo "2205"]
[BlackElo "2087"]
[PlyCount "45"]
[EventDate "2008.04.21"]
[EventType "swiss"]
[EventRounds "9"]
[EventCountry "RUS"]
[SourceTitle "EXT 2022"]
[Source "ChessBase"]
[SourceDate "2021.10.06"]
[SourceVersion "1"]
[SourceVersionDate "2021.10.06"]
[SourceQuality "1"]

1. d4 d5 2. g3 Nf6 3. Bg2 e6 4. Nf3 c5 5. 0-0 Nc6 6. h3 cxd4 7. Nxd4 Bd7 8. Nb3 Be7 9. Be3 b6 10. Kh2 Rc8 11. c3 0-0 12. N1d2 e5 13. Bg5 Be6 14. e4 d4 15. cxd4 Nxd4 16. Rc1 Rxc1 17. Qxc1 Ng4+ 18. hxg4 Bxg5 19. Nxd4 Qxd4 20. f4 Rc8 21. Nf3 exf4 22. Qxc8+ Bxc8 23. Nxd4 1-0